Lost in Translation: Book Titles Quiz Stats

 Plays Quiz Updated Jul 23, 2014

Support Sporcle.
Go Orange.
Score 0/40 Timer 08:00
0 Plays Today
Transmogrified Title Actual Title % Correct
Kill a RobinTo Kill a Mockingbird
97.9%
One Thousand Nine Hundred Eighty-FourNineteen Eighty-Four
96.6%
Complete GatsbyThe Great Gatsby
95.9%
Pride and the Preconceived NotionsPride and Prejudice
95.8%
Hunger MatchesThe Hunger Games
94.9%
Farm AnimalsAnimal Farm
92.7%
A Lot of ExpectationsGreat Expectations
92.4%
Mice Were MaleOf Mice and Men
91.9%
A Hooded CatThe Cat in the Hat
90.1%
Porcelain and the Sorcerer's RockHarry Potter and the Philosopher's Stone
90.1%
In Crime and PenaltiesCrime and Punishment
89.6%
Hitchhiker DirectoryThe Hitchhiker's Guide to the Galaxy
87.5%
A Malicious GrapeThe Grapes of Wrath
87.3%
Fairy Tale Two PositionsA Tale of Two Cities
85.4%
Mr. FliesLord of the Flies
84.5%
Leo, the Sorceress and AccommodationThe Lion the Witch and the Wardrobe
84%
Courage in the New WorldBrave New World
81.3%
Fighting and CoolWar and Peace
80.4%
Four Hundred Fahrenheit 51 Horizontal UnitsFahrenheit 451
79.4%
A Dream of Summer Evening HeightA Midsummer Night's Dream
77.1%
Transmogrified Title Actual Title % Correct
Who is the Rise in Wheat FieldThe Catcher in the Rye
73.3%
By Searching for GlasswareThrough the Looking-Glass
70.5%
Rational and EmotionalSense and Sensibility
67.1%
Brother RingThe Fellowship of the Ring
66.7%
Improve AtlasAtlas Shrugged
66.3%
Nature CallsThe Call of the Wild
64.6%
Donate TreesThe Giving Tree
62%
By the Time of WrinklesA Wrinkle in Time
61.9%
The End of the GameEnder's Game
59.4%
One Century Being AloneOne Hundred Years of Solitude
57.8%
The Dark HeartbeatHeart of Darkness
57.2%
Redness of the Skin LyricsThe Scarlet Letter
56.5%
ChangeThe Metamorphosis
53.1%
Guessing the SitcomThe Divine Comedy
38.8%
Amber MachineryA Clockwork Orange
38.3%
Boat Water PouredWatership Down
27.8%
Idiotic United DemocratsA Confederacy of Dunces
21.4%
Deceased SoulDead Souls
12.2%
Champion and MargaretThe Master and Margarita
10.6%
Heroes of Our AgeA Hero of Our Time
5.1%

You're not logged in!

Compare scores with friends on all Sporcle quizzes.
OR
Log In

From the Vault

World Capitals A-Z II

by CCCP

If we had our own country, we'd name the capital 'Triviopolis'.
Remove Ads.
Support Sporcle.
Get the best of Sporcle when you Go Orange. This ad-free experience offers more features, more stats, and more fun while also helping to support Sporcle. Thank you for becoming a member.

Show Comments

Extras

Top Quizzes Today


Score Distribution

Your Account Isn't Verified!

In order to create a playlist on Sporcle, you need to verify the email address you used during registration. Go to your Sporcle Settings to finish the process.

Report this User

Report this user for behavior that violates our Community Guidelines.

Details: